000 00686nam a2200289Ia 4500
005 20260324150014.0
008 008 260324s9999 xx 000 0 eng d
020 _a9781315682747
037 _aEBOOK
040 _aCRL
040 _beng
040 _cCRL
041 _2eng
041 _aeng
084 _qCRL
100 _aRachel Joffe Falmagne
_91224941
245 0 _aReasoning: Representation and Process
245 0 _bIn Children and Adults
260 _bTaylor and Francis
260 _c1975
365 _a
365 _b240
856 _uhttp://www.taylorfrancis.com/books/9781315682747
942 _cEBOOK
999 _c1833669
_d1833669